<?xml version="1.0" encoding="UTF-8"?>
<record
    xmlns:xsi="http://www.w3.org/2001/XMLSchema-instance"
    xsi:schemaLocation="http://www.loc.gov/MARC21/slim http://www.loc.gov/standards/marcxml/schema/MARC21slim.xsd"
    xmlns="http://www.loc.gov/MARC21/slim">

  <leader>01070nam a2200289 a 4500</leader>
  <controlfield tag="001">1405822</controlfield>
  <controlfield tag="003">CO-ViMGA</controlfield>
  <controlfield tag="005">20230915233614.0</controlfield>
  <controlfield tag="008">130820s2013    ck a   jr     00010 spa d</controlfield>
  <datafield tag="020" ind1=" " ind2=" ">
    <subfield code="a">9789587585292</subfield>
  </datafield>
  <datafield tag="040" ind1=" " ind2=" ">
    <subfield code="a">CO-ViMGA</subfield>
    <subfield code="b">spa</subfield>
    <subfield code="c">CO-ViMGA</subfield>
  </datafield>
  <datafield tag="043" ind1=" " ind2=" ">
    <subfield code="a">s-ck---</subfield>
  </datafield>
  <datafield tag="082" ind1="0" ind2="4">
    <subfield code="a">I861.6 </subfield>
    <subfield code="b">P37t </subfield>
    <subfield code="2">21</subfield>
  </datafield>
  <datafield tag="100" ind1="1" ind2=" ">
    <subfield code="a">Peralta, Maria&#x315; del Sol.</subfield>
    <subfield code="9">1092</subfield>
  </datafield>
  <datafield tag="245" ind1="1" ind2="0">
    <subfield code="a">Tomatina curatodo : </subfield>
    <subfield code="b">cura nada sin amor / </subfield>
    <subfield code="c">Maria&#x315; del Sol Peralta ; direcci&#xF3;n musical Felipe Aljure, Juan Carlos Rivas ; ilustraciones de Helena Melo Tovar.</subfield>
  </datafield>
  <datafield tag="260" ind1=" " ind2=" ">
    <subfield code="a">Bogota :&#x300; </subfield>
    <subfield code="b">Alfaguara, </subfield>
    <subfield code="c">2013.</subfield>
  </datafield>
  <datafield tag="300" ind1=" " ind2=" ">
    <subfield code="a">43 p. : </subfield>
    <subfield code="b">il. ; </subfield>
    <subfield code="c">23 x 29 cm. + </subfield>
    <subfield code="e">1 CD.</subfield>
  </datafield>
  <datafield tag="490" ind1="0" ind2=" ">
    <subfield code="a">Alfaguara. Infantil y juvenil</subfield>
  </datafield>
  <datafield tag="490" ind1="0" ind2=" ">
    <subfield code="a">Colecci&#xF3;n Maria&#x315; del Sol Peralta. M&#xFA;sica y libros para la familia</subfield>
  </datafield>
  <datafield tag="650" ind1="1" ind2="4">
    <subfield code="a">Amor</subfield>
    <subfield code="v"> Poes&#xED;as.</subfield>
    <subfield code="9">1095</subfield>
  </datafield>
  <datafield tag="650" ind1="1" ind2="4">
    <subfield code="a">Libros ilustrados para ni&#xF1;os.</subfield>
    <subfield code="9">1094</subfield>
  </datafield>
  <datafield tag="650" ind1="1" ind2="4">
    <subfield code="a">Poes&#xED;a infantil colombiana.</subfield>
    <subfield code="9">1093</subfield>
  </datafield>
  <datafield tag="700" ind1="1" ind2=" ">
    <subfield code="a">Aljure, Felipe.</subfield>
    <subfield code="9">1097</subfield>
  </datafield>
  <datafield tag="700" ind1="1" ind2=" ">
    <subfield code="a">Melo Tovar, Helena, </subfield>
    <subfield code="e">il.</subfield>
    <subfield code="9">1096</subfield>
  </datafield>
  <datafield tag="700" ind1="1" ind2=" ">
    <subfield code="a">Rivas, Juan Carlos, </subfield>
    <subfield code="d">1971-</subfield>
    <subfield code="9">1098</subfield>
  </datafield>
  <datafield tag="942" ind1=" " ind2=" ">
    <subfield code="2">ddc</subfield>
    <subfield code="c">BK</subfield>
  </datafield>
  <datafield tag="999" ind1=" " ind2=" ">
    <subfield code="c">37356</subfield>
    <subfield code="d">37356</subfield>
  </datafield>
  <datafield tag="952" ind1=" " ind2=" ">
    <subfield code="0">0</subfield>
    <subfield code="1">0</subfield>
    <subfield code="2">ddc</subfield>
    <subfield code="4">0</subfield>
    <subfield code="7">0</subfield>
    <subfield code="8">008</subfield>
    <subfield code="a">MEVIECAR</subfield>
    <subfield code="b">MEVIECAR</subfield>
    <subfield code="d">2020-04-18</subfield>
    <subfield code="l">0</subfield>
    <subfield code="o">I861.6 P37t </subfield>
    <subfield code="p">33391</subfield>
    <subfield code="r">2020-04-18 00:00:00</subfield>
    <subfield code="w">2020-04-18</subfield>
    <subfield code="y">BK</subfield>
  </datafield>
  <datafield tag="952" ind1=" " ind2=" ">
    <subfield code="0">0</subfield>
    <subfield code="1">0</subfield>
    <subfield code="2">ddc</subfield>
    <subfield code="4">0</subfield>
    <subfield code="7">0</subfield>
    <subfield code="8">008</subfield>
    <subfield code="a">MEVIECAR</subfield>
    <subfield code="b">MEVIECAR</subfield>
    <subfield code="d">2020-04-18</subfield>
    <subfield code="l">1</subfield>
    <subfield code="o">I861.6 P37t </subfield>
    <subfield code="p">33392</subfield>
    <subfield code="r">2021-08-31 00:00:00</subfield>
    <subfield code="s">2021-08-26</subfield>
    <subfield code="w">2020-04-18</subfield>
    <subfield code="y">BK</subfield>
  </datafield>
</record>
